Cuentos completos [de Rubén Darío] /

Kaydedildi:
Detaylı Bibliyografya
Yazar: Darío, Rubén (autor)
Diğer Yazarlar: Mejía Sánchez, Ernesto (edición y notas) (edición y notas), Lida, Raimundo (preliminares) (preliminares)
Materyal Türü: Kitap
Dil:İspanyolca
Baskı/Yayın Bilgisi: México : Fondo de Cultura Económica, 1950, c1950
Seri Bilgileri:(Biblioteca Americana ; Literatura Moderna. Vida y Ficción) 12.
Konular:
Etiketler: Etiketle
Etiket eklenmemiş, İlk siz ekleyin!

MARC

LEADER 00000nam^a2200000^a^4500
001 000432692
005 20250526000000.0
009 20260310123021.138
037 |a Acervo ITESO - Biblioteca 
041 |a ESP 
082 |a 863.  |b DAR 
100 |a Darío, Rubén  |e (autor) 
245 1 0 |a Cuentos completos [de Rubén Darío] /  |c R. Darío ; ed. y notas de E. Mejía Sánchez ; estudio prelim. de R. Lida. 
264 4 |a México :  |b Fondo de Cultura Económica,  |c 1950, c1950 
300 |a LXXII, 357 p., [1 lámina] ;  |c 22.0 cm. 
336 |a texto  |b txt  |2 rdacontenido 
337 |a sin mediación  |b n  |2 rdamedio 
338 |a volumen  |b nc  |2 rdasoporte 
440 1 |a (Biblioteca Americana ;  |v 12.  |p Literatura Moderna.  |p Vida y Ficción) 
545 0 |a Rubén Darío (1867-1916), escritor nicaragüense que es considerado como el fundador del modernismo, estableció con su obra un punto de inflexión en la poesía en lengua castellana y fue el primer caso de escritor americano que sirvió de ejemplo en Europa. Su trayectoria inicia cabalmente con Azul... (1888), libro al que siguieron Prosas profanas (1896), Cantos de vida y esperanza (1905), El canto errante (1907), Poema del otoño y otros poemas (1910), Danzas gimnesias (1913) y Canto a la Argentina y otros poemas (1914) en el terreno de la poesía, a los que debe sumarse los ensayos Los raros (1893), España contemporánea (1901), Perenigraciones (1901) y La caravana pasa (1903). 
649 |a XX 
650 |a Cuentos Nicaragüenses 
650 |a Modernismo (Literatura) -  |z Nicaragua 
650 |a Literatura Nicaragüense -  |y Siglo XIX 
650 |a Literatura Nicaragüense -  |y Siglo XX 
700 |a Mejía Sánchez, Ernesto  |e (edición y notas) 
700 |a Lida, Raimundo  |e (preliminares) 
910 |a Fondo Alfonso de Alba Martín 
920 |a Impresos - Libros 
930 |a Libros Antiguos y Raros 
940 |a Literatura 
905 |a 125 
901 |a 0500349783  |b IT2  |c LRA  |i D97935  |u 20250526 
902 |a https://opac.biblio.iteso.mx/vufind/Record/000432692